[Event "Reunion op 19th"]
[Site "St Denis"]
[Date "2017.10.21"]
[Round "7"]
[White "Poignart, Francois Xavier"]
[Black "Bah, Ismael"]
[Result "0-1"]
[WhiteElo "1337"]
[BlackElo "1712"]
[PlyCount "60"]
[EventDate "2017.10.16"]
[EventType "swiss"]
[EventRounds "7"]
[EventCountry "RUF"]
[SourceTitle "CBM 181 Extra"]
[Source "ChessBase"]
[SourceDate "2017.12.12"]
[SourceVersion "1"]
[SourceVersionDate "2017.12.12"]
[SourceQuality "1"]

1. d4 Nf6 2. c4 d6 3. Nc3 g6 4. e4 Bg7 5. f3 Nc6 6. Be3 0-0 7. Qd2 e5 8. d5 Ne7 9. Bd3 Ne8 10. Nge2 f5 11. exf5 gxf5 12. 0-0 f4 13. Bf2 Nf5 14. Ne4 Bh6 15. Qc2 Rf7 16. Rad1 Rg7 17. Kh1 Nf6 18. N2c3 Kh8 19. Rg1 Nxe4 20. Nxe4 Qf8 21. Rd2 Qf7 22. b4 Bd7 23. Bf1 Rag8 24. c5 Ne3 25. Bxe3 fxe3 26. Re2 dxc5 27. Qxc5 Qxf3 28. Ng3 Qf8 29. Qc3 Qe8 30. Re1 Rxg3 0-1

[Event "Reunion op 19th"]
[Site "St Denis"]
[Date "2017.10.20"]
[Round "6"]
[White "Carballar, Alexandre"]
[Black "Poignart, Francois Xavier"]
[Result "0-1"]
[WhiteElo "1138"]
[BlackElo "1337"]
[PlyCount "68"]
[EventDate "2017.10.16"]
[EventType "swiss"]
[EventRounds "7"]
[EventCountry "RUF"]
[SourceTitle "CBM 181 Extra"]
[Source "ChessBase"]
[SourceDate "2017.12.12"]
[SourceVersion "1"]
[SourceVersionDate "2017.12.12"]
[SourceQuality "1"]

1. e4 c5 2. c3 g6 3. d4 cxd4 4. cxd4 Bg7 5. Nf3 d5 6. e5 Bg4 7. Be2 Nc6 8. 0-0 Bxf3 9. Bxf3 e6 10. Be3 Nge7 11. Qd2 Nf5 12. Nc3 Qb6 13. Rad1 0-0 14. Bg4 Nce7 15. Bf4 Rac8 16. b3 Qb4 17. Ne2 Qxd2 18. Rxd2 Rc7 19. Rc1 Rxc1+ 20. Nxc1 Rc8 21. Re2 Nxd4 22. Re1 Rc2 23. a4 h5 24. Bh3 Nec6 25. g4 Nf3+ 26. Kf1 Nxe1 27. Kxe1 Nxe5 28. gxh5 gxh5 29. Be3 Nf3+ 30. Kd1 Rb2 31. Bxa7 Bd4 32. Bxd4 Nxd4 33. f4 Nf3 34. f5 Rd2# 0-1